| 000 | 01114nam a22002537a 4500 | ||
|---|---|---|---|
| 005 | 20170124103044.0 | ||
| 010 | _aB-000740 | ||
| 020 | _c200.00 | ||
| 035 | _aB-000740 | ||
| 037 | _bCen Lib/Ret | ||
| 040 |
_aDPL _bHN |
||
| 082 |
_aक _bसमका |
||
| 245 |
_aसमकालीन हिंदी कहानियाँ / _cसंपादक नरेन्द्र मोहन |
||
| 246 |
_aSamkalin Hindi kahaniyan / _bsampadak Narendra Mohan |
||
| 260 |
_aनई दिल्ली _bभारतीय प्रकाशन संसथान _c2000 |
||
| 270 |
_bनई दिल्ली _a24/4855, अंसारी रोड, दरियागंज _e110002 |
||
| 300 |
_a264पृ. _c21सेमी (सजिल्द) |
||
| 650 |
_aहिन्दी साहित्य _968286 |
||
| 650 |
_aहिन्दी साहित्य -- कहानियां _968287 |
||
| 650 |
_aHindi literature _968288 |
||
| 650 |
_aHindi literature -- Stories _968289 |
||
| 700 |
_aमोहन, नरेन्द्र _968290 |
||
| 942 |
_2ddc _cHN _hक _mत्यागी |
||
| 999 |
_c116783 _d116783 |
||